000 00754nam a2200229 i 4500
001 bg
100 1 _aChmielewski, Tadeusz Jan
_d(1950- ).
245 1 0 _aSystem planowania przestrzennego harmonizującego przyrodę i gospodarkę.
_nT. 2,
_pAneksy /
_cTadeusz J. Chmielewski ; Politechnika Lubelska.
260 _aLublin :
_bWydaw. PL,
_c2001.
300 _a142 s., [1] k.tabl.złoż. :
_bil. ;
_c24 cm.
504 _aBibliogr.
650 9 _aPrzyroda
_xochrona
650 9 _aPlanowanie przestrzenne a środowisko człowieka
710 0 _aPolitechmika Lubelska
020 _a8388110284
040 _cBPK
041 0 _apl
_ben
080 _a502.6:504.4.03]:711
920 _a83-88110-28-4
942 _cKS
008 s pl f |000 0 pol
999 _c40888
_d40888
856 _uhttp://koha.tu.koszalin.pl/cgi-bin/koha/opac-detail.pl?biblionumber=40888
_yKatalog online BPK